[Lute tablature belonging to George Fugger.

Saved in:
நூற்பட்டியல் விவரங்கள்
குழும எழுத்தாளர்: Österreichische Nationalbibliothek. Musiksammlung.
மற்ற எழுத்தாளர்கள்: Fugger, George, 1517-1569.
வடிவம்: இசை மதிப்பெண்கள்
வெளியீடப்பட்டது: 15--]
பகுதிகள்:
குறியீடுகள்: குறிச்சொல் இணை
குறியீடுகள் இல்லை, இந்த குறிச்சொல்லை முதலில் பதிவு செய்யுங்கள்!
LEADER 00660ndm a2200229 4500
001 007710077-8
005 20020606104010.5
008 980218s15uu xx zzz| a nn| d
035 0 |a ocm48150837 
035 0 |a ocm38938449 
040 |a MH-Mu  |c MH-Mu 
110 2 |a Österreichische Nationalbibliothek.  |b Musiksammlung.  |k Manuscript.  |n 18790. 
245 0 0 |a [Lute tablature belonging to George Fugger. 
260 |c 15--] 
300 |a Ms. score ([10] leaves) 
510 4 |a RISM B/VII,  |c p. 353. 
650 0 |a Lute music  |y 16th century. 
650 0 |a Music  |x Manuscripts. 
690 9 |a Tablatures. 
700 1 |a Fugger, George,  |d 1517-1569. 
988 |a 20020608 
906 |0 MH